Neštandardné informačné systémy (nástroj pre riadenie ľudských zdrojov)
Informačné systémy ako nástroje riadenia. Integrovaný informačný systém. Obsah integrovaného informačného systému riadenia ľudských zdrojov. Základné technické informácie. Databázový stroj SVDataEngine. Štatistický stroj SVStat. Model realizácie a využitia systému. Spôsob prevádzky systému.
Guardado en:
| Autor principal: | |
|---|---|
| Otros Autores: | |
| Formato: | Capítulo de libro |
| Lenguaje: | eslovaco |
| Materias: | |
| Etiquetas: |
Sin Etiquetas, Sea el primero en etiquetar este registro!
|
MARC
| LEADER | 00000naa a2200000 4500 | ||
|---|---|---|---|
| 001 | r037402 | ||
| 005 | 20231002080543.3 | ||
| 041 | 0 | |a slo | |
| 044 | |a SK | ||
| 245 | 1 | 0 | |a Neštandardné informačné systémy |b (nástroj pre riadenie ľudských zdrojov) |c Jaromír Hubert, Katarína Liptáková |
| 520 | |a Informačné systémy ako nástroje riadenia. Integrovaný informačný systém. Obsah integrovaného informačného systému riadenia ľudských zdrojov. Základné technické informácie. Databázový stroj SVDataEngine. Štatistický stroj SVStat. Model realizácie a využitia systému. Spôsob prevádzky systému. | ||
| 610 | 2 | 0 | |a systémy informačné |
| 610 | 2 | 0 | |a systémy informačné integrované |
| 610 | 2 | 0 | |a zdroje ľudské |
| 610 | 2 | 0 | |a riadenie |
| 610 | 2 | 0 | |a nástroje riadenia |
| 610 | 2 | 0 | |a softvér |
| 610 | 2 | 0 | |a moduly |
| 610 | 2 | 0 | |a údaje štatistické |
| 610 | 2 | 0 | |a báza dát |
| 100 | 1 | |a Hubert, Jaromír | |
| 700 | 1 | |a Liptáková, Katarína | |